000 00654nam a2200241 i 4500
001 C2-0086486
003 PPAK
005 20180727091030.0
008 970504s1983 xxka|||| ||||| | eng d
020 _a0906536014
040 _aPPAK
_beng
_cPPAK
_erda
082 0 4 _a623.81
_223
090 0 0 _a623.81
_bSCH
_dR
100 1 _aSchonknecht, Rolf,
_eauthor
245 1 0 _aShips and shipping of tomorrow
264 1 _aHounslow :
_bMacGregor ,
_c1983
300 _a240 pages :
_billustrations ;
_c27 cm
336 _2rdacontent
_atext
337 _2rdamedia
_aunmediated
338 _2rdacarrier
_avolume
650 1 0 _aNaval architecture
942 _ddc
_cB
999 _c17731
_d17731